| 000 | 00629nam a22002057a 4500 | ||
|---|---|---|---|
| 999 |
_c195533 _d195533 |
||
| 005 | 20230401152046.0 | ||
| 010 | _aB-167523 | ||
| 020 |
_a812032739X _c295.00 |
||
| 035 | _aB-167523 | ||
| 037 | _aDBAB/Pub | ||
| 082 | _a659.1 | ||
| 245 |
_aAdvertising promotion, and new media : _bby Marla R. Stafford [and] Ronald J. Faber ; |
||
| 260 |
_aNew delhi _bPrentice Hall of India _c2005 |
||
| 270 |
_aM-97, Connaught circus, _bNew Delhi _e110006 |
||
| 300 |
_axii,380p. _c23cm (pbk) |
||
| 500 | _ainculded Index | ||
| 700 | _a Stafford Marla R. | ||
| 700 | _aFaber Ronald J. | ||
| 942 |
_2ddc _cEN _h659.1 _mADV |
||